00329nam a2200133Ia 45000030006000000080041000060400015000471000029000622450043000912600028001343000006001625460010001680050017001780STCL150530s9999 xx 000 0 und d aSTCLcSTCL aSukhsampattirai Bhandari aTwentieth Century Eng-Hindi Dictionary bDictionary; Ajmerc1950 a0 aHindi20220125171331.0